000 00801cam a2200205 a 4500
001 000006184
005 20200929151950.0
008 010524s2001 mx 000 p spa
040 _aDO-SdBNP
_cDLC
_dDLC
082 _a851.912
_bS885p
100 1 _aStorni, Alfonsina,
_d1892-1938.
_917330
245 1 3 _aEl protoidioma en la poesía de Alfonsina Storni /
_cprólogo y análisis arquetipico de Fredo Arias de la Canal.
260 _aMéxico, D. F. :
_bFrente de Afirmación Hispanista,
_c2001.
300 _axxix, 311 p. ;
_c19 cm.
600 1 0 _aStorni, Alfonsina,
_d1892-1938.
_xCRÍTICA E INTERPRETACIÓN
_917331
650 4 _aPoesía suiza
_917332
650 4 _aLiteratura suiza
_xHistoria y crítica
_913269
700 1 _aArias de la Canal, Fredo,
_epról.
_98096
910 _aCatalogación por copia / LC
999 _c5979
_d5979